| 000 | 004830000a22001930004500 | ||
|---|---|---|---|
| 001 | 000111 | ||
| 003 | MACL | ||
| 005 | 20150908141337.0 | ||
| 008 | 150908b xxu||||| |||| 00| 0 eng d | ||
| 040 |
_aMACL _cMACL |
||
| 041 | _aEnglish | ||
| 082 | _a820/RAM | ||
| 100 |
_aRamaswami, N.S _99276 |
||
| 245 |
_aK.S.Venkataraman _bMakers of indian literature _cN.S Ramaswami |
||
| 260 |
_aDelhi _c1998 _bSahitya Akademi, |
||
| 350 | _a25 | ||
| 650 |
_aBiography _9144 |
||
| 942 |
_k820 _cBK _2ddc |
||
| 999 |
_c113 _d113 |
||